[Event "Mondariz op"]
[Site "Mondariz"]
[Date "1996.??.??"]
[Round "?"]
[White "Borrego Mata, Enrique"]
[Black "Alvarez, Roberto Gabriel"]
[Result "0-1"]
[WhiteElo "2205"]
[BlackElo "2435"]
[PlyCount "60"]
[EventDate "1996.07.??"]
[EventType "swiss"]
[EventRounds "9"]
[EventCountry "ESP"]
[SourceTitle "EXT 1998"]
[Source "ChessBase"]
[SourceDate "1997.11.17"]
[SourceVersion "1"]
[SourceVersionDate "1997.11.17"]
[SourceQuality "1"]

1. e4 c5 2. Nf3 Nc6 3. d4 cxd4 4. Nxd4 g6 5. Nc3 Bg7 6. Be3 Nf6 7. Nxc6 bxc6 8. e5 Ng8 9. f4 d6 10. Qf3 Nh6 11. exd6 0-0 12. Be2 Bg4 13. Qf2 exd6 14. 0-0 Bxe2 15. Qxe2 Re8 16. Qd3 Nf5 17. Bf2 h5 18. Rae1 Qa5 19. Qc4 Rec8 20. Re2 Rab8 21. Nd1 Rb4 22. Qd3 Rxf4 23. a3 Bd4 24. g3 Rg4 25. Kh1 Qd5+ 26. Kg1 h4 27. Ne3 Bxe3 28. Bxe3 hxg3 29. Qxd5 cxd5 30. h3 Re4 0-1

[Event "Mondariz op"]
[Site "Mondariz"]
[Date "1996.??.??"]
[Round "?"]
[White "Borrego Mata, Enrique"]
[Black "Roeder, Matthias"]
[Result "0-1"]
[WhiteElo "2205"]
[BlackElo "2435"]
[PlyCount "100"]
[EventDate "1996.07.??"]
[EventType "swiss"]
[EventRounds "9"]
[EventCountry "ESP"]
[SourceTitle "EXT 1998"]
[Source "ChessBase"]
[SourceDate "1997.11.17"]
[SourceVersion "1"]
[SourceVersionDate "1997.11.17"]
[SourceQuality "1"]

1. e4 c5 2. Nf3 d6 3. Bb5+ Bd7 4. Bxd7+ Qxd7 5. c4 Nc6 6. Nc3 Ne5 7. Nxe5 dxe5 8. 0-0 e6 9. b3 Ne7 10. Bb2 Rd8 11. Na4 Ng6 12. Qf3 Qxd2 13. Rad1 Qa5 14. Bc3 Qc7 15. Rxd8+ Qxd8 16. Rd1 Qc7 17. Qd3 Be7 18. g3 0-0 19. Qd7 Qb8 20. Qd2 Rd8 21. Qe2 Rxd1+ 22. Qxd1 Qc7 23. h4 Nf8 24. Nb2 Nd7 25. Nd3 Bd6 26. Qd2 Nf6 27. f3 Nd7 28. Nf2 f6 29. h5 Be7 30. Kg2 Kf7 31. Nh3 Nb8 32. Kf2 Nc6 33. f4 exf4 34. Nxf4 Bd6 35. Qe3 Be5 36. Ne2 Bxc3 37. Nxc3 Qe5 38. Nb5 a6 39. Nc3 Qxh5 40. Ne2 Qe5 41. Qd3 Ke7 42. a3 Qb2 43. Kf1 Ne5 44. Qc3 Qxa3 45. Nf4 Qb4 46. Qe3 Qa5 47. Nd3 Nxd3 48. Qxd3 Qa1+ 49. Ke2 Qe5 50. Qe3 h6 0-1

[Event "Mondariz op"]
[Site "Mondariz"]
[Date "1996.??.??"]
[Round "?"]
[White "Larsen, Bent"]
[Black "Borrego Mata, Enrique"]
[Result "1-0"]
[WhiteElo "2520"]
[BlackElo "2205"]
[PlyCount "77"]
[EventDate "1996.07.??"]
[EventType "swiss"]
[EventRounds "9"]
[EventCountry "ESP"]
[SourceTitle "EXT 1998"]
[Source "ChessBase"]
[SourceDate "1997.11.17"]
[SourceVersion "1"]
[SourceVersionDate "1997.11.17"]
[SourceQuality "1"]

1. e4 c5 2. Nf3 d6 3. d4 cxd4 4. Nxd4 Nf6 5. Nc3 a6 6. Bc4 e6 7. Bb3 Be7 8. Be3 b5 9. f3 Qc7 10. Qd2 Nc6 11. g4 Na5 12. g5 Nh5 13. 0-0-0 Nc4 14. Bxc4 bxc4 15. Kb1 Rb8 16. Ka1 Bd7 17. Nde2 g6 18. f4 Qb7 19. Rb1 0-0 20. Ng3 Ng7 21. h4 f5 22. gxf6 Bxf6 23. h5 gxh5 24. Nxh5 Nxh5 25. Rxh5 Be8 26. Rhh1 Bxc3 27. Qxc3 Qxe4 28. Rbg1+ Bg6 29. Rxg6+ hxg6 30. Rh8+ Kf7 31. Rh7+ Ke8 32. Qg7 Rb7 33. Qxb7 Qxb7 34. Rxb7 Rf5 35. a3 Rf7 36. Rb6 Rd7 37. Rxa6 Kf7 38. Ra7 Rxa7 39. Bxa7 1-0

[Event "Andalucia-ch"]
[Site "Rincon de la Victoria"]
[Date "1995.??.??"]
[Round "4"]
[White "Borrego Mata, Enrique"]
[Black "Munoz Moreno, Francisco Javier"]
[Result "0-1"]
[WhiteElo "2025"]
[BlackElo "2320"]
[PlyCount "90"]
[EventDate "1995.??.??"]
[EventType "swiss"]
[EventRounds "7"]
[EventCountry "ESP"]
[SourceTitle "EXT 2000"]
[Source "ChessBase"]
[SourceDate "1999.11.16"]
[SourceVersion "1"]
[SourceVersionDate "1999.11.16"]
[SourceQuality "1"]

1. d4 Nf6 2. Nf3 g6 3. c4 Bg7 4. Nc3 0-0 5. e4 d6 6. Be2 e5 7. dxe5 dxe5 8. Qxd8 Rxd8 9. Bg5 Nbd7 10. 0-0-0 Rf8 11. h3 c6 12. Rd2 Nc5 13. Bd3 Be6 14. b3 Nxd3+ 15. Rxd3 Nd7 16. Ne1 a6 17. Nc2 Rfc8 18. Na4 b5 19. Rxd7 bxa4 20. Rd3 a5 21. c5 Rcb8 22. bxa4 Bxa2 23. Kd2 f6 24. Be3 f5 25. f3 fxe4 26. fxe4 Bb3 27. Ra1 Bf8 28. Ra3 Bxc2 29. Kxc2 Rb4 30. Rdb3 Rxe4 31. Rb6 Rxe3 32. Rxe3 Bxc5 33. Reb3 Bxb6 34. Rxb6 Rd8 35. Rxc6 Rd4 36. Rc5 Rxa4 37. Kb3 Re4 38. Rxa5 Re2 39. g4 Kg7 40. Kc3 Re3+ 41. Kd2 Rxh3 42. Rxe5 Kf6 43. Re4 Kg5 44. Ke2 Rg3 45. Kf2 Rxg4 0-1